[Event "Geoagiu Bai Hunedoara op"]
[Site "Geoagiu Bai"]
[Date "2022.10.20"]
[Round "6"]
[White "Hulka, Valentyn"]
[Black "Nahornyi, Ihor"]
[Result "1-0"]
[WhiteElo "2108"]
[BlackElo "2223"]
[PlyCount "73"]
[EventDate "2022.10.16"]
[EventType "swiss"]
[EventRounds "9"]
[EventCountry "ROU"]
[SourceTitle "CBM 210 Extra"]
[Source "ChessBase"]
[SourceDate "2022.11.30"]
[SourceVersion "1"]
[SourceVersionDate "2022.11.30"]
[SourceQuality "1"]

1. Nf3 Nf6 2. g3 e6 3. Bg2 d5 4. c4 Be7 5. d4 0-0 6. Qc2 a6 7. Bf4 dxc4 8. Qxc4 Nd5 9. Nc3 b5 10. Qd3 Bb7 11. Nxd5 Bxd5 12. 0-0 Nd7 13. Qc2 c5 14. e4 Bb7 15. Rfd1 c4 16. d5 exd5 17. exd5 Nc5 18. Ne5 Bf6 19. Nc6 Qd7 20. Bd2 Rfe8 21. Bc3 Bxc3 22. Qxc3 Ne4 23. Qc2 f5 24. g4 g6 25. gxf5 gxf5 26. Kh1 Bxc6 27. dxc6 Qa7 28. Bxe4 Rxe4 29. Rd7 Qc5 30. Rg1+ Kf8 31. f3 Qxc6 32. Qg2 Ke8 33. Rxh7 Re7 34. Qg8+ Kd7 35. Rd1+ Kc7 36. Rxe7+ Kb6 37. Qe6 1-0

[Event "Geoagiu Bai Hunedoara op"]
[Site "Geoagiu Bai"]
[Date "2022.10.18"]
[Round "4"]
[White "Negrean, Andrei"]
[Black "Nahornyi, Ihor"]
[Result "0-1"]
[WhiteElo "1984"]
[BlackElo "2223"]
[PlyCount "76"]
[EventDate "2022.10.16"]
[EventType "swiss"]
[EventRounds "9"]
[EventCountry "ROU"]
[SourceTitle "CBM 210 Extra"]
[Source "ChessBase"]
[SourceDate "2022.11.30"]
[SourceVersion "1"]
[SourceVersionDate "2022.11.30"]
[SourceQuality "1"]

1. Nf3 Nf6 2. c4 e6 3. g3 d5 4. d4 Be7 5. Bg2 0-0 6. 0-0 dxc4 7. Qc2 b5 8. a4 b4 9. Nbd2 Bb7 10. Nxc4 Nbd7 11. Bg5 c5 12. Rad1 Rc8 13. Bxf6 Nxf6 14. dxc5 Qc7 15. Ne1 Bxg2 16. Nxg2 Bxc5 17. b3 Nd5 18. e3 Nc3 19. Rd2 Be7 20. Rc1 Rfd8 21. Rxd8+ Rxd8 22. Nf4 Qd7 23. Ne2 Bf6 24. Nxc3 bxc3 25. h4 Qb7 26. e4 Bd4 27. e5 Qf3 28. Kf1 Qh1+ 29. Ke2 Qg2 30. Ne3 Bxe3 31. Kxe3 f5 32. f3 Rd2 33. Qxc3 Qf2+ 34. Kf4 Rd4+ 35. Qxd4 Qxd4+ 36. Kg5 Qe3+ 37. f4 Qxg3+ 38. Kh5 Qg4# 0-1

[Event "Poiana Brasov op"]
[Site "Poiana Brasov"]
[Date "2022.07.26"]
[Round "3"]
[White "Ardelean, George Catalin"]
[Black "Nahornyi, Ihor"]
[Result "1-0"]
[WhiteElo "2494"]
[BlackElo "2123"]
[PlyCount "97"]
[EventDate "2022.07.24"]
[EventType "swiss"]
[EventRounds "9"]
[EventCountry "ROU"]
[SourceTitle "EXT 2023"]
[Source "ChessBase"]
[SourceDate "2022.10.05"]
[SourceVersion "1"]
[SourceVersionDate "2022.10.05"]
[SourceQuality "1"]

1. e4 e6 2. d4 d5 3. exd5 exd5 4. Nf3 Nf6 5. Bd3 Bd6 6. Qe2+ Qe7 7. Qxe7+ Bxe7 8. Bf4 c6 9. 0-0 0-0 10. Re1 Re8 11. Nbd2 Nbd7 12. a4 a5 13. h3 b6 14. Re3 Bb7 15. Bf5 Bb4 16. c3 Rxe3 17. fxe3 Bf8 18. Ne5 Nxe5 19. Bxe5 Ne8 20. Re1 Bd6 21. Bf4 g6 22. Bd3 Bxf4 23. exf4 Kf8 24. Nf3 f6 25. g4 Ng7 26. Kf2 Re8 27. Rxe8+ Kxe8 28. b4 Ne6 29. Ke3 Ke7 30. bxa5 bxa5 31. f5 Nf8 32. Nd2 Nd7 33. fxg6 hxg6 34. Bxg6 Nb6 35. Nb3 Nxa4 36. Nxa5 Ba6 37. Nxc6+ Kf8 38. Nb4 Bb7 39. Kd2 Kg7 40. Be8 Nb6 41. Ke2 Kh6 42. h4 Nc4 43. Bf7 Nb6 44. Ke3 Kg7 45. Be6 Kg6 46. Kf4 Ba8 47. h5+ Kg7 48. Kf5 Bb7 49. h6+ 1-0

[Event "Primorsko op"]
[Site "Primorsko"]
[Date "2020.09.15"]
[Round "2"]
[White "Nahornyi, Ihor"]
[Black "Salimova, Nurgyul"]
[Result "0-1"]
[WhiteElo "2042"]
[BlackElo "2372"]
[PlyCount "72"]
[EventDate "2020.09.14"]
[EventType "swiss"]
[EventRounds "9"]
[EventCountry "BUL"]
[SourceTitle "CBM 198 Extra"]
[Source "ChessBase"]
[SourceDate "2020.11.30"]
[SourceVersion "1"]
[SourceVersionDate "2020.11.30"]
[SourceQuality "1"]

1. e4 g6 2. d4 Bg7 3. Nc3 c6 4. f4 d5 5. e5 Nh6 6. Nf3 f6 7. Be3 Bg4 8. h3 Bxf3 9. Qxf3 0-0 10. Qe2 fxe5 11. fxe5 Nf5 12. Bf2 c5 13. dxc5 Nc6 14. 0-0-0 e6 15. g4 Nh4 16. Bg3 Nxe5 17. Kb1 Qf6 18. Rh2 a6 19. Rf2 Qg5 20. Re1 Nhf3 21. Bxe5 Nxe5 22. Rxf8+ Rxf8 23. Bg2 Kh8 24. Rf1 Rxf1+ 25. Bxf1 Qf4 26. Bg2 Qb4 27. a3 Qxc5 28. h4 Qb6 29. Nd1 Qd4 30. h5 g5 31. Qf1 Nxg4 32. Qf7 Qxd1+ 33. Ka2 Nh6 34. Qe8+ Ng8 35. h6 Bf6 36. c3 Qd2 0-1

[Event "Prague op-A 19th"]
[Site "Prague"]
[Date "2020.01.13"]
[Round "5"]
[White "Laxman, Rajaram"]
[Black "Nahornyi, Ihor"]
[Result "1-0"]
[WhiteElo "2441"]
[BlackElo "2074"]
[PlyCount "89"]
[EventDate "2020.01.10"]
[EventType "swiss"]
[EventRounds "9"]
[EventCountry "CZE"]
[SourceTitle "CBM 194 Extra"]
[Source "ChessBase"]
[SourceDate "2020.03.31"]
[SourceVersion "1"]
[SourceVersionDate "2020.03.31"]
[SourceQuality "1"]

1. d4 Nf6 2. Nf3 e6 3. c4 b6 4. a3 Bb7 5. Nc3 d5 6. cxd5 exd5 7. Bf4 Bd6 8. Bxd6 Qxd6 9. Rc1 c6 10. e3 0-0 11. Bd3 Ba6 12. 0-0 Bxd3 13. Qxd3 Nbd7 14. Rc2 Rfe8 15. Rfc1 a5 16. Na4 Rec8 17. h3 h6 18. Ne5 b5 19. Nxd7 Nxd7 20. Nc5 Nb6 21. e4 dxe4 22. Nxe4 Qd7 23. Qg3 Qxd4 24. Nd6 Rd8 25. Rxc6 Nc4 26. Nxb5 Qxb2 27. R6xc4 Qxb5 28. Rg4 g6 29. Rxg6+ fxg6 30. Qxg6+ Kf8 31. Qf6+ Kg8 32. Rc7 Qb1+ 33. Kh2 Qh7 34. Rxh7 Kxh7 35. Qf7+ Kh8 36. Qg6 Rf8 37. Qxh6+ Kg8 38. Qg6+ Kh8 39. f4 Rae8 40. Qh5+ Kg8 41. Qxa5 Rf7 42. f5 Ref8 43. Qd5 Kg7 44. Qe5+ Kh7 45. g4 1-0

[Event "UKR-ch U12"]
[Site "Lvov"]
[Date "2019.03.28"]
[Round "10"]
[White "Nahornyi, Ihor"]
[Black "Dehtiarov, Roman"]
[Result "1-0"]
[WhiteElo "1940"]
[BlackElo "1652"]
[PlyCount "103"]
[EventDate "2019.03.19"]
[EventType "tourn"]
[EventRounds "11"]
[EventCountry "UKR"]
[SourceTitle "CBM 190 Extra"]
[Source "ChessBase"]
[SourceDate "2019.07.15"]
[SourceVersion "1"]
[SourceVersionDate "2019.07.15"]
[SourceQuality "1"]

1. e4 e6 2. d4 d5 3. Nc3 h6 4. Be3 dxe4 5. Nxe4 Nf6 6. Nxf6+ Qxf6 7. Nf3 Bd7 8. Qd2 Bc6 9. Ne5 Bd6 10. 0-0-0 Nd7 11. f4 Bxe5 12. fxe5 Qe7 13. Rg1 0-0-0 14. Bd3 b6 15. Rdf1 f6 16. exf6 gxf6 17. g4 e5 18. Qc3 Bb7 19. Rf5 exd4 20. Bxd4 Rhe8 21. Rgf1 Ne5 22. Bxe5 fxe5 23. Bb5 Rf8 24. Qxe5 Qxe5 25. Rxe5 Rxf1+ 26. Bxf1 Rf8 27. Bd3 Rf2 28. Rh5 Rf6 29. Kd2 Kd8 30. h4 Ke7 31. g5 hxg5 32. hxg5 Rf2+ 33. Kc3 Rg2 34. g6 Rg3 35. Rh7+ Kd6 36. Kd2 Bd5 37. a3 a5 38. Ke2 c5 39. b3 Rg4 40. c4 Bc6 41. g7 Be8 42. Kf3 Rg1 43. Kf2 Rg5 44. Rh6+ Ke7 45. Rg6 Rxg6 46. Bxg6 Bf7 47. Bh7 a4 48. g8Q Bxg8 49. Bxg8 axb3 50. Ke3 b2 51. Bh7 Kd6 52. Kd2 1-0

[Event "UKR-ch U12"]
[Site "Lvov"]
[Date "2019.03.24"]
[Round "6"]
[White "Nahornyi, Ihor"]
[Black "Petrovskiy, Vadim1111"]
[Result "0-1"]
[WhiteElo "1940"]
[BlackElo "1974"]
[PlyCount "82"]
[EventDate "2019.03.19"]
[EventType "tourn"]
[EventRounds "11"]
[EventCountry "UKR"]
[SourceTitle "CBM 190 Extra"]
[Source "ChessBase"]
[SourceDate "2019.07.15"]
[SourceVersion "1"]
[SourceVersionDate "2019.07.15"]
[SourceQuality "1"]

1. e4 c5 2. Nf3 d6 3. d4 cxd4 4. Nxd4 Nf6 5. Nc3 a6 6. Be2 e5 7. Nb3 Be7 8. 0-0 0-0 9. Be3 Be6 10. a4 Nbd7 11. a5 Rc8 12. f3 Qc7 13. Qd2 Rfd8 14. Rfc1 Qc6 15. Rd1 Nf8 16. Bb6 Rd7 17. Qe3 Ng6 18. Rac1 h6 19. Qf2 Nf4 20. Be3 Nxe2+ 21. Qxe2 d5 22. exd5 Nxd5 23. Nxd5 Bxd5 24. c4 Be6 25. Rxd7 Qxd7 26. Bb6 Bg5 27. Rc3 Qd6 28. Qc2 Qb4 29. Nd2 Bd8 30. Bxd8 Rxd8 31. Nb3 Rc8 32. c5 Rd8 33. h3 g6 34. Kh2 Bf5 35. Qc1 Be6 36. Qc2 Qf4+ 37. Kg1 Bf5 38. Qc1 Qg3 39. Kh1 Qf2 40. c6 bxc6 41. Re3 Bc2 0-1

[Event "UKR-ch U12"]
[Site "Lvov"]
[Date "2019.03.19"]
[Round "1"]
[White "Nahornyi, Ihor"]
[Black "Samunenkov, Igor"]
[Result "1/2-1/2"]
[WhiteElo "1940"]
[BlackElo "1965"]
[PlyCount "60"]
[EventDate "2019.03.19"]
[EventType "tourn"]
[EventRounds "11"]
[EventCountry "UKR"]
[SourceTitle "CBM 190 Extra"]
[Source "ChessBase"]
[SourceDate "2019.07.15"]
[SourceVersion "1"]
[SourceVersionDate "2019.07.15"]
[SourceQuality "1"]

1. e4 c5 2. Nf3 g6 3. d4 cxd4 4. Nxd4 Nc6 5. Nc3 Bg7 6. Nb3 d6 7. Be2 Nf6 8. 0-0 0-0 9. Bg5 a6 10. f4 b5 11. Bf3 Bb7 12. Nd5 Nxd5 13. exd5 Nb8 14. c3 Nd7 15. Kh1 Nf6 16. Re1 Re8 17. Qd3 Qb6 18. Re2 b4 19. c4 a5 20. Rd1 Rac8 21. Bxf6 Bxf6 22. Nd4 Bxd4 23. Qxd4 Qxd4 24. Rxd4 a4 25. Re3 Ba6 26. Be2 Rc5 27. h3 Kf8 28. b3 Rec8 29. Kh2 axb3 30. axb3 Ra5 1/2-1/2

[Event "Wch U12"]
[Site "Santiago de Compostela"]
[Date "2018.11.05"]
[Round "2"]
[White "Kostolansky, Sebastian Lukas"]
[Black "Nahornyi, Ihor"]
[Result "1-0"]
[WhiteElo "2323"]
[BlackElo "1900"]
[PlyCount "45"]
[EventDate "2018.11.04"]
[EventType "swiss"]
[EventRounds "11"]
[EventCountry "ESP"]
[SourceTitle "EXT 2022"]
[Source "ChessBase"]
[SourceDate "2021.10.06"]
[SourceVersion "1"]
[SourceVersionDate "2021.10.06"]
[SourceQuality "1"]

1. e4 c5 2. Nf3 e6 3. d4 cxd4 4. Nxd4 a6 5. Bd3 Nf6 6. 0-0 Qc7 7. Qe2 d6 8. c4 Nbd7 9. f4 Be7 10. Nc3 0-0 11. Be3 b6 12. g4 h6 13. g5 hxg5 14. fxg5 Ne8 15. Rf3 g6 16. Rh3 Kg7 17. Qf2 Rg8 18. Qh4 Kf8 19. Nxe6+ fxe6 20. Rf1+ Nef6 21. gxf6 Bxf6 22. Bg5 Qc5+ 23. Kh1 1-0

[Event "EU-ch U10 27th"]
[Site "Mamaia"]
[Date "2017.09.08"]
[Round "4"]
[White "Nahornyi, Ihor"]
[Black "Fiszer, Bartosz"]
[Result "0-1"]
[WhiteElo "1690"]
[BlackElo "2009"]
[PlyCount "163"]
[EventDate "2017.09.05"]
[EventType "swiss"]
[EventRounds "9"]
[EventCountry "ROU"]
[SourceTitle "CBM 180 Extra"]
[Source "ChessBase"]
[SourceDate "2017.10.06"]
[SourceVersion "1"]
[SourceVersionDate "2017.10.06"]
[SourceQuality "1"]

1. e4 c5 2. Nf3 Nc6 3. d4 cxd4 4. Nxd4 g6 5. Be2 Bg7 6. Nb3 Nf6 7. Nc3 0-0 8. 0-0 d6 9. Bg5 a6 10. f4 b5 11. a3 Be6 12. Bf3 Bc4 13. Re1 Rc8 14. Kh1 Nd7 15. Qd2 Bxb3 16. cxb3 Nc5 17. Qd1 Nd4 18. b4 Ncb3 19. Rb1 Nxf3 20. gxf3 Nd4 21. Nd5 Re8 22. Re3 Ne6 23. Bh4 Bh6 24. Bg3 Rc6 25. Rd3 Nc7 26. Nc3 Qc8 27. b3 Bg7 28. Ne2 Na8 29. Bf2 Qc7 30. Bd4 Rc8 31. Bxg7 Kxg7 32. Rb2 Nb6 33. Rbd2 Rc2 34. Rxc2 Qxc2 35. Qxc2 Rxc2 36. Nd4 Rc1+ 37. Kg2 Kf8 38. Kf2 Ke8 39. a4 bxa4 40. bxa4 Nxa4 41. Ra3 Rc4 42. Rxa4 Rxd4 43. Ke3 Rc4 44. Kd3 Rc6 45. Kd4 Kd7 46. Ra2 Kc7 47. Kd5 e6+ 48. Kd4 Kb6 49. f5 Kb5 50. f6 Rc4+ 51. Kd3 Rxb4 52. Rc2 Rb3+ 53. Ke2 Kb6 54. Rc8 Ka7 55. Rd8 d5 56. exd5 exd5 57. Rxd5 Rb7 58. Rd6 a5 59. Ke3 Kb8 60. Kf4 Ra7 61. Kg5 a4 62. Rd2 a3 63. Ra2 h5 64. f4 Kc7 65. f5 gxf5 66. Kxh5 f4 67. Kg4 Kd6 68. Kxf4 Ra5 69. Kg4 Ke6 70. h4 Kxf6 71. Rf2+ Kg6 72. Ra2 Ra4+ 73. Kh3 Kh5 74. Kg3 f5 75. Kh3 Rxh4+ 76. Kg3 Ra4 77. Kf3 f4 78. Rh2+ Kg5 79. Rg2+ Kf5 80. Ra2 Ke5 81. Re2+ Kd5 82. Ra2 0-1

[Event "EU-ch U10 27th"]
[Site "Mamaia"]
[Date "2017.09.07"]
[Round "3"]
[White "Podolskyi, Mykhailo"]
[Black "Nahornyi, Ihor"]
[Result "1/2-1/2"]
[WhiteElo "1552"]
[BlackElo "1690"]
[PlyCount "117"]
[EventDate "2017.09.05"]
[EventType "swiss"]
[EventRounds "9"]
[EventCountry "ROU"]
[SourceTitle "CBM 180 Extra"]
[Source "ChessBase"]
[SourceDate "2017.10.06"]
[SourceVersion "1"]
[SourceVersionDate "2017.10.06"]
[SourceQuality "1"]

1. e4 c5 2. Nf3 e6 3. d3 Nc6 4. Nbd2 Qc7 5. g3 Nf6 6. Bg2 g6 7. 0-0 Bg7 8. Re1 0-0 9. Nf1 d5 10. Qe2 a5 11. e5 Nd7 12. Bf4 b6 13. h4 h6 14. N1h2 Nd4 15. Nxd4 cxd4 16. Ng4 Kh7 17. Qd2 h5 18. Nf6+ Bxf6 19. exf6 Qd8 20. Bh6 Qxf6 21. Bxf8 Nxf8 22. c4 dxc3 23. Qxc3 Qxc3 24. bxc3 Rb8 25. c4 dxc4 26. dxc4 Ba6 27. Bf1 Rc8 28. Rab1 Nd7 29. Red1 Rc7 30. c5 Bxf1 31. cxb6 Nxb6 32. Kxf1 Nd5 33. Rdc1 Ra7 34. Rb8 Nb4 35. a3 Nd3 36. Rd1 Ne5 37. Rdb1 Kg7 38. R1b7 Ra6 39. Rb6 Rxb6 40. Rxb6 Nc4 41. Rc6 Nxa3 42. Rc5 Kf6 43. Ke2 Ke7 44. Kd3 a4 45. Ra5 Kd6 46. Rxa4 Nb5 47. Kc4 Nc7 48. Ra5 Nd5 49. Ra3 Ke5 50. f3 Kf5 51. Kd4 f6 52. Kd3 g5 53. Ra4 Ne7 54. g4+ Kg6 55. hxg5 Kxg5 56. gxh5 Kxh5 57. Ra6 Ng6 58. Ra1 Kg5 59. Rg1+ 1/2-1/2